| 000 | 00563nam a22001817a 4500 | ||
|---|---|---|---|
| 003 | OSt | ||
| 005 | 20251125092759.0 | ||
| 008 | 251125b |||||||| |||| 00| 0 eng d | ||
| 040 |
_aDWCL-Main lib _cOC |
||
| 082 |
_22002 ed. _aFil. 343.05 Am527t 2002 |
||
| 100 | _aAmpongan, Omarerasmo G. | ||
| 245 |
_aTransfer and business tax 2002 ed./ _cAmpongan, Omarerasmo G. |
||
| 260 |
_aManila : _bRWB Enterprises, _cc2002. |
||
| 300 |
_axiii, 406 p. ; _c22 cm. |
||
| 650 | _aInheritance and transfer tax. | ||
| 650 | _aTaxation. | ||
| 942 |
_2ddc _cBK - FIL _e2002 ed. _kFil. _n0 |
||
| 999 |
_c6167 _d6167 |
||